Confessions of an economic hitman (Record no. 39716)

MARC details
000 -LEADER
fixed length control field 00411nam a2200181Ia 4500
020 ## - INTERNATIONAL STANDARD BOOK NUMBER
ISBN 0452287081
050 ## - CALL MARK
Classification number UB 271.U52 .P47/
100 ## - STATEMENT OF RESPONSIBILITY--MAIN AUTHOR NAME
Personal name Perkins, John
245 #0 - TITLE STATEMENT
Title Confessions of an economic hitman
260 ## - PUBLICATION, DISTRIBUTION, ETC. (IMPRINT)
Place of publication New York
260 ## - PUBLICATION, DISTRIBUTION, ETC. (IMPRINT)
Name of publisher Plume
260 ## - PUBLICATION, DISTRIBUTION, ETC. (IMPRINT)
Year of publication 2004
300 ## - PHYSICAL DESCRIPTION
Number of Pages 303 p
650 ## - SUBJECT ADDED ENTRY--TOPICAL TERM
Topical Term New York
942 ## - ADDED ENTRY ELEMENTS (KOHA)
Koha item type Books
Holdings
Withdrawn status Lost status Source of classification or shelving scheme Damaged status Not for loan Permanent Location Current Location Shelving location Date acquired Accession Number Price effective from Koha item type
    Library of Congress Classification     NILE UNIVERSITY OF NIGERIA - MAIN LIBRARY NILE UNIVERSITY OF NIGERIA - MAIN LIBRARY Items on shelf 06/03/2025 0184246 06/03/2025 Books